Los Conquistadores de la Antártida
Guardado en:
| Autor principal: | |
|---|---|
| Formato: | Libro |
| Lenguaje: | español |
| Publicado: |
Santiago
Zig-Zag
1958
|
| Colección: | Biblioteca Juvenil, Serie Amarilla
|
| Materias: | |
| Etiquetas: |
Agregar Etiqueta
Sin Etiquetas, Sea el primero en etiquetar este registro!
|
MARC
| LEADER | 00000nam a2200000 a 4500 | ||
|---|---|---|---|
| 001 | UCH6074 | ||
| 003 | CL-VaPUC | ||
| 008 | 091109e19580000CL |||||||||||||||||spa|d | ||
| 082 | 0 | 4 | |a Ch863 |b COL |2 21 |
| 100 | 0 | |a Coloane, Francisco |e author |9 345716 | |
| 245 | 1 | 4 | |a Los Conquistadores de la Antártida |
| 300 | |a 123 p | ||
| 942 | |c BK | ||
| 945 | |d 20091109 00:00:00 |a ccalabra | ||
| 260 | |a Santiago |b Zig-Zag |c 1958 | ||
| 650 | 0 | |a Literatura |9 259151 | |
| 650 | 0 | |a Literatura chilena |9 308278 | |
| 650 | 0 | |a Novelas chilenas |9 265425 | |
| 650 | 0 | |a Escritores chilenos |9 420370 | |
| 650 | 0 | |a Ficción |9 376687 | |
| 650 | 0 | |a Lectura |9 307634 | |
| 650 | 0 | |a Narrativa |9 336727 | |
| 651 | 7 | |a CHILE |2 CL-VaPUC |9 542448 | |
| 583 | |a last modification |c 20091109 00:00:00 |k Rodrigo Vera | ||
| 490 | 0 | |a Biblioteca Juvenil, Serie Amarilla | |
| 999 | |c 337036 |d 337034 | ||